Rachunek prawdopodobienstwa i statystyka matematyczna w zadaniach

Salvato in:
Dettagli Bibliografici
Natura: Libro
Lingua:polacco
Pubblicazione: Warszawa Wyd. Naukowe 1986
Edizione:1. wyd.
Tags: Aggiungi Tag
Nessun Tag, puoi essere il primo ad aggiungerne!!

MARC

LEADER 00000nam a2200000 4500
001 c026627
005 20221220072535.6
041 0 |a pol 
044 |a PL 
245 1 0 |a Rachunek prawdopodobienstwa i statystyka matematyczna w zadaniach 
250 |a 1. wyd. 
264 1 |a Warszawa  |b Wyd. Naukowe  |c 1986 
300 |a 2 zv.